Technological and industrial policy in China and Europe : Proceedings from the first joint TIPCE conference 1981
This is the first volume from a series of three conferences which will focus on technology and industrial policy in China an Europe.
Saved in:
| Format: | Book |
|---|---|
| Language: | Undetermined |
| Published: |
Lund, Sweden
Research Policy Institute
1981
|
| Subjects: | |
| Tags: |
Add Tag
No Tags, Be the first to tag this record!
|
| Institutions: | Trung tâm Học liệu Trường Đại học Cần Thơ |
|---|
| LEADER | 00935nam a2200217Ia 4500 | ||
|---|---|---|---|
| 001 | CTU_218178 | ||
| 008 | 210402s9999 xx 000 0 und d | ||
| 082 | |a 338.94 | ||
| 082 | |b T255 | ||
| 245 | 0 | |a Technological and industrial policy in China and Europe : | |
| 245 | 0 | |b Proceedings from the first joint TIPCE conference 1981 | |
| 245 | 0 | |c Edited by Ove Granstrand, Jon Sigurdson | |
| 260 | |a Lund, Sweden | ||
| 260 | |b Research Policy Institute | ||
| 260 | |c 1981 | ||
| 520 | |a This is the first volume from a series of three conferences which will focus on technology and industrial policy in China an Europe. | ||
| 650 | |a Industrial policy,Industrial policy,Chính sách công nghiệp,Chính sách công nghiệp | ||
| 650 | |x Congresses,Congresses,Hội nghị,Hội nghị | ||
| 650 | |z China,Europe,Trung Quốc,Châu Âu | ||
| 904 | |i Qhieu | ||
| 980 | |a Trung tâm Học liệu Trường Đại học Cần Thơ | ||